Human resource development : (Record no. 77212)

MARC details
000 -LEADER
fixed length control field 00740nam a22002057a 4500
005 - DATE AND TIME OF LATEST TRANSACTION
control field 20130826123024.0
010 ## - LCCN (DPL NO)
LC control number ENG-107823
020 ## - INTERNATIONAL STANDARD BOOK NUMBER
International Standard Book Number 9788192278339
Terms of availability 795.00
035 ## - SYSTEM CONTROL NUMBER
System control number EN-91356
037 ## - SOURCE OF ACQUISITION
Source of stock number/acquisition DBAD/PUB
082 ## - DEWEY DECIMAL CLASSIFICATION NUMBER
Classification number 658.3
245 ## - TITLE STATEMENT
Title Human resource development :
Statement of responsibility, etc edited by G.N. Brahmanandam [and] Nagaraju Battu
Remainder of title issues, challenges and strategies /
260 ## - PUBLICATION, DISTRIBUTION, ETC. (IMPRINT)
Place of publication, distribution, etc Hyderabad
Name of publisher, distributor, etc Paramount Publishing House
Date of publication, distribution, etc 2012
270 ## - ADDRESS
Address 3-5-1105, 2nd floor, PVR Estates, behind Hero Honda showroom, Narayanaguda
City Hyderabad
Postal code 500029
300 ## - PHYSICAL DESCRIPTION
Extent 639p. :
Dimensions 25cm(pbk)
Other physical details ill.
500 ## - GENERAL NOTE
General note Includes bibliographical references
700 ## - ADDED ENTRY--PERSONAL NAME
Personal name Brahmanandam, G.N.
700 ## - ADDED ENTRY--PERSONAL NAME
Personal name Battu, Nagaraju
942 ## - ADDED ENTRY ELEMENTS (KOHA)
Source of classification or shelving scheme Dewey Decimal Classification
Item type English Books
Call number suffix HUM
Classification part 658.3
Holdings
Withdrawn status Lost status Not for loan Collection code Home library Current library Date acquired Source of acquisition Cost, normal purchase price Full call number Barcode Copy number Cost, replacement price Koha item type
    Not For Loan Non-fiction D.B.Act.Division D.B.Act.Division 05/07/2013 DBAD/PUB 795.00 658.3 HUM EN-91356 1 795.00 English Books

© Delhi Public Library
Hit Counter
free hit counter